000 00603nam a22002057a 4500
005 20251108171014.0
008 250721s1980 xx 000 0 ara d
082 1 4 _aم/216.1/جوي
100 1 _aالجويني، عبد الملك بن عبد الله بن يوسف
245 1 0 _aالبرهان في أصول الفقه /
250 _aط2
264 1 _aالقاهرة :
_bدار الأنصار،
_c1980.
300 _a
650 1 7 _aالإسلام
650 1 7 _aفقه
650 1 7 _aأصول
700 1 _aديب، عبد العظيم
_eتحقيق
942 _2ddc
_cREF
999 _c54205
_d54205